000 00635nam a2200181Ia 4500
003 IN-BaIIA
008 211028s9999 xx 000 0 eng d
040 _cIIA Library
080 _a035:520.1
_bKPN
110 _aKitt Peak National Observatory
_95731
245 0 _aKitt Peak National Observatory Facilities Book
_cKitt Peak National Observatory
260 _aTucson
_bNational Optical Astronomy Observatories
_c1987
300 _a[various pagings.]
650 _aAstronomy and Astrophysics Thesaurus
650 _aKPNO Observatory-Manuals
_914775
650 _aObservatories-Manuals
_913541
942 _cBK
999 _c9061
_d9061